|
|
|
|
| LEADER |
00669nab a2200193 i 4500 |
| 001 |
publ14462 |
| 005 |
20190123154829.0 |
| 008 |
190123s2018 hu o 0|| zxx d |
| 022 |
|
|
|a 0865-557X
|
| 024 |
7 |
|
|a 10.17355/rkkpt.v26i3.228
|2 doi
|
| 024 |
7 |
|
|a 30373184
|2 mtmt
|
| 040 |
|
|
|a SZTE Publicatio Repozitórium
|b hun
|
| 041 |
|
|
|a zxx
|
| 100 |
1 |
|
|a Jancsó Katalin
|
| 245 |
1 |
0 |
|a Bevándorláspolitikák és azok hatásai Latin-Amerikában (1850-1930)
|h [elektronikus dokumentum] /
|c Jancsó Katalin
|
| 260 |
|
|
|c 2018
|
| 300 |
|
|
|a 127-154
|
| 490 |
0 |
|
|a REGIO
|v 26 No. 3
|
| 856 |
4 |
0 |
|u http://publicatio.bibl.u-szeged.hu/14462/1/bevandorlaspolitikakeshatasaikREGIO.pdf
|z Dokumentum-elérés
|